书目信息 |
| 题名: |
俄罗斯人
|
|
| 作者: | 沈悦 编著 | |
| 分册: | ||
| 出版信息: | 北京 东方出版社 2008.07 |
|
| 页数: | 184页 | |
| 开本: | 21cm | |
| 丛书名: | 世界人氏血脉书系 | |
| 单 册: | ||
| 中图分类: | C955.512 | |
| 科图分类: | ||
| 主题词: | 俄罗斯人--e luo si ren--民族历史 | |
| 电子资源: | ||
| ISBN: | 978-7-5060-3170-7 | |
| 000 | 00904nam 2200265 450 | |
| 001 | 012008578615 | |
| 005 | 20080901165423.82 | |
| 010 | @a978-7-5060-3170-7@dCNY26.00 | |
| 100 | @a20080901d2008 em y0chiy0120 ea | |
| 101 | 0 | @achi |
| 102 | @aCN@b110000 | |
| 105 | @aac a 000yy | |
| 106 | @ar | |
| 200 | 1 | @a俄罗斯人@Ae luo si ren@f沈悦编著@Fshen yue bian zhu |
| 210 | @a北京@c东方出版社@d2008.07 | |
| 215 | @a184页@c图, 肖像@d21cm | |
| 225 | 2 | @a世界人氏血脉书系@Ashi jie ren shi xue mai shu xi |
| 320 | @a有书目 (第183-184页) | |
| 330 | @a本书从俄罗斯人起源于欧洲最古老而庞大的部族斯拉夫族讲起,阐述了俄罗斯国家的发展简史,并介绍俄罗斯的语言文字、教育、宗教等各个方面。 | |
| 410 | 0 | @12001 @a世界人氏血脉书系 |
| 606 | 0 | @a俄罗斯人@Ae luo si ren@x民族历史 |
| 690 | @aC955.512@v4 | |
| 701 | 0 | @a沈悦@Ashen yue@4编著 |
| 801 | 0 | @aCN@bQSSK@c20080901 |
| 905 | @b733535-37@dC955.512@eS421@f3 | |
| 俄罗斯人/沈悦编著.-北京:东方出版社,2008.07 |
| 184页:图, 肖像;21cm.-(世界人氏血脉书系) |
| ISBN 978-7-5060-3170-7:CNY26.00 |
| 本书从俄罗斯人起源于欧洲最古老而庞大的部族斯拉夫族讲起,阐述了俄罗斯国家的发展简史,并介绍俄罗斯的语言文字、教育、宗教等各个方面。 |
| ● |
| 相关链接 |
|
|
|
正题名:俄罗斯人
索取号:C955.512/S421
 
预约/预借
| 序号 | 登录号 | 条形码 | 馆藏地/架位号 | 状态 | 备注 |
| 1 | 733535 | 207335356 | 社科库509/509社科库 66排5列4层/ [索取号:C955.512/S421] | 在馆 | |
| 2 | 733536 | 207335365 | 社科库509/509社科库 66排5列4层/ [索取号:C955.512/S421] | 在馆 | |
| 3 | 733537 | 207335374 | 社科库509/509社科库 66排5列4层/ [索取号:C955.512/S421] | 在馆 |